| 000 | 00394nam a22001697a 4500 | ||
|---|---|---|---|
| 005 | 20160429145405.0 | ||
| 008 | 160429b xxu||||| |||| 00| 0 eng d | ||
| 020 | _a81-8926116-9 | ||
| 041 | _aeng | ||
| 082 | _b00927 | ||
| 100 |
_aSareen Tarun _9265 |
||
| 245 | _aDictionary of Economics | ||
| 260 |
_aNew Delhi _bK.S. Paper backs |
||
| 300 | _a747 | ||
| 650 |
_aManagement _9241 |
||
| 942 | _cBK | ||
| 999 |
_c305 _d305 |
||